R.K.NARAYAN`S FICTION : A SEARCH FOR ROOTS AND IDENTITY (Record no. 20935)
[ view plain ]
| 000 -LEADER | |
|---|---|
| fixed length control field | 00467cam a2200181ua 4500 |
| 008 - FIXED-LENGTH DATA ELEMENTS--GENERAL INFORMATION | |
| fixed length control field | 160920n II |||gr||||Z||||||eng |
| 040 ## - CATALOGING SOURCE | |
| Original cataloging agency | MAIN |
| 041 ## - LANGUAGE CODE | |
| -- | English |
| 082 ## - DEWEY DECIMAL CLASSIFICATION NUMBER | |
| Classification number | 823 MUK |
| 100 ## - MAIN ENTRY--PERSONAL NAME | |
| Personal name | MUKHOPADHYAY, DR. ARUN KR., |
| Relator term | AUTHOR. |
| 245 ## - TITLE STATEMENT | |
| Title | R.K.NARAYAN`S FICTION : A SEARCH FOR ROOTS AND IDENTITY |
| 250 ## - EDITION STATEMENT | |
| Edition statement | 1ST. |
| 260 ## - PUBLICATION, DISTRIBUTION, ETC. | |
| Place of publication, distribution, etc. | NEW DELHI: |
| Name of publisher, distributor, etc. | AXIS BOOKS ., |
| Date of publication, distribution, etc. | 2013. |
| 300 ## - PHYSICAL DESCRIPTION | |
| Extent | 245: |
| Dimensions | 20CM. |
| 942 ## - ADDED ENTRY ELEMENTS (KOHA) | |
| Koha item type | Books |
| 653 ## - INDEX TERM--UNCONTROLLED | |
| Uncontrolled term | English fiction |
| Withdrawn status | Lost status | Source of classification or shelving scheme | Damaged status | Not for loan | Collection code | Home library | Current library | Shelving location | Date acquired | Total Checkouts | Full call number | Barcode | Date last seen | Date last checked out | Copy number | Price effective from | Koha item type | Public note |
|---|---|---|---|---|---|---|---|---|---|---|---|---|---|---|---|---|---|---|
| Dewey Decimal Classification | TBENG | Central Library and Information Centre Sibsagar Girls College | Central Library and Information Centre Sibsagar Girls College | ENGLISH BOOK RACK | 28.04.2015 | 4 | 823 MUK | 32356 | 07.04.2025 | 25.03.2025 | 1 | 27.02.2020 | Books | V |